Calidad del aire en tres puntos de alto tráfico vehicular en el distrito uno de la Ciudad de Managua en el periodo octubre, 2017 a enero 2018
mensual de las concentraciones de los contaminantes criterios de estudio, así como la influencia de las variables meteorológicas en la dispersión y transporte de los contaminantes. Se estableció que las concentraciones horarias de PM10 se caracterizan por ser bajas en las primeras horas de la ma...
| Main Authors: | , |
|---|---|
| Other Authors: | |
| Format: | Tesis Section = Libro |
| Language: | Undetermined Spanish |
| Published: |
Nicaragua
UNI
2020
|
| Subjects: |
| LEADER | 01565nam a2200277Ia 4500 | ||
|---|---|---|---|
| 008 | 240830s9999 xx 000 0 und d | ||
| 040 | |a BIBLIOTECA-RUSB/ M.Mon 363.738 M516 | ||
| 041 | |a spa | ||
| 082 | |a M.Mon 363.738 M516 | ||
| 100 | 1 | |a Mejía Martínez, Norlán Javier | |
| 100 | 1 | |b Navarrete Pavón, Diana Maribel | |
| 245 | 1 | 0 | |a Calidad del aire en tres puntos de alto tráfico vehicular en el distrito uno de la Ciudad de Managua en el periodo octubre, 2017 a enero 2018 |
| 260 | |a Nicaragua |b UNI |c 2020 | ||
| 300 | |a 94 p. :il. | ||
| 500 | |a Contiene: anexos | ||
| 502 | |a Tesis (Master en Ciencias Ambientales) - UNI, 2020 | ||
| 520 | 3 | |a mensual de las concentraciones de los contaminantes criterios de estudio, así como la influencia de las variables meteorológicas en la dispersión y transporte de los contaminantes. Se estableció que las concentraciones horarias de PM10 se caracterizan por ser bajas en las primeras horas de la madrugada, seguido por dos picos máximos a final de la mañana y la tarde respectivamente, para dióxido de nitrógeno y ozono se presentan bajas concentraciones por la mañana las que aumentan por la tarde. Con respecto al comportamiento desde el periodo lluvioso (octubre a noviembre) hacia el periodo seco diciembre y enero. | |
| 650 | 7 | |a CONTAMINACION DEL AIRE. | |
| 650 | 7 | |b CONTAMINANTES ATMOSFERICOS | |
| 650 | 7 | |c DIOXIDO DE NITROGENO | |
| 650 | 7 | |d OZONO | |
| 650 | 7 | |e CALIDAD DEL AIRE | |
| 700 | 1 | |a Tutor: |b Dávila Altamirano, Roberto | |
| 942 | |c BK |2 ddc | ||
| 991 | |a TESIS | ||
| 999 | |c 27233 | ||